Vista normal
Vista MARC
Entrada Topical Term
Número de registros utilizados en: 1
001 - CONTROL NUMBER
- control field: 13522
003 - CONTROL NUMBER IDENTIFIER
- control field: OSt
005 - DATE AND TIME OF LATEST TRANSACTION
- control field: 20210216121902.0
008 - FIXED-LENGTH DATA ELEMENTS
- fixed length control field: 210216|| aca||aabn | a|a d
040 ## - CATALOGING SOURCE
- Original cataloging agency: OSt
- Transcribing agency: OSt
150 ## - HEADING--TOPICAL TERM
- Topical term or geographic name entry element: Administradoras de fondos de pensiones
- General subdivision: Congresos
670 ## - SOURCE DATA FOUND
- Source citation: Work cat.: (OSt): Seminario Internacional Inversiones y Pensiones en los Sistemas de Capitalización, (2009: Varsovia, Polonia) 13521, Inversiones y pensiones en los sistemas de capitalización : , 2009